|
|
|
|
| LEADER |
01000nam a22002412a 4500 |
| 001 |
000420620 |
| 003 |
CZ BrMZK |
| 005 |
20220222123138.0 |
| 007 |
ta |
| 008 |
040716s1913 gw a f |||| 0 ger d |
| 040 |
|
|
|a BOA001
|b cze
|
| 100 |
1 |
|
|a Rohn, Karl,
|d 1855-1920
|7 mub2010570443
|4 aut
|
| 245 |
1 |
0 |
|a Lehrbuch der darstellenden Geometrie.
|n Bd. 1,
|p Orthogonalprojektion. Vielflache, Perspektivität ebener Figuren, Kurven, Cylinder, Kugel, Kegel, Rotations und Schraubenflächen /
|c Karl Rohn, Erwin Papperitz
|
| 246 |
3 |
0 |
|a Orthogonalprojektion. Vielflache, Perspektivität ebener Figuren, Kurven, Cylinder, Kugel, Kegel, Rotations und Schraubenflächen
|
| 250 |
|
|
|a 4. erweit. Aufl.
|
| 260 |
|
|
|a Leipzig :
|b Veit,
|c 1913
|
| 300 |
|
|
|a xx, 502 s. :
|b il.
|
| 700 |
1 |
|
|a Papperitz, Erwin,
|d 1857-1938
|7 mub2010570448
|4 aut
|
| 910 |
|
|
|a BOA001
|b 2-0075.455,1
|
| 990 |
|
|
|a BK
|
| 993 |
|
|
|a Y
|
| 991 |
|
|
|b 202202
|
| 996 |
6 |
|
|b 2619771373
|c 2-0075.455,1
|l MZK
|r Sklad / do 24 hodin
|n 0
|w 000420620
|u 000010
|a 1
|e BOA001
|j MZK50
|s P
|